| 000 | 00738nam a2200193 a 4500 | ||
|---|---|---|---|
| 001 | 000042339 | ||
| 005 | 20201002040105.0 | ||
| 008 | 100519s2013 dr a 000 0 spa d | ||
| 020 | _a9789945472295 | ||
| 040 |
_aDO-SdBNP _bspa _cBNPHU |
||
| 082 |
_a628.078 _bA347i |
||
| 100 | 1 |
_aAlcántara De Rodríguez, Argentina _969406 |
|
| 245 | 1 | 0 |
_aIngeniería sanitaria I : _bprácticas de laboratorio / _cArgentina Alcántara De Rodríguez. |
| 260 |
_aSanto Domingo : _bInstituto Tecnológico De Santo Domingo, _bÁrea de ingeniería, _c2013. |
||
| 300 |
_a65 p. : _bil. ; _c28 cm. |
||
| 500 | _aIncluye datos biografícos de la autora | ||
| 504 | _aIncluye bibliografías p. 65 | ||
| 650 | 4 |
_aIngeniería sanitaria _vMANUALES DE LABORATORIO _940552 |
|
| 999 |
_c41828 _d41828 |
||